Japanese Words You Probably Know Quiz Stats

 Plays Quiz Updated Nov 1, 2014

Support Sporcle.
Go Orange.
Score 0/40 Timer 10:00
9 Plays Today
% Correct
origami
98.3%
tsunami
97.9%
sumo
97.3%
sudoku
96.2%
sayonara
92.6%
geisha
91.8%
sake
89.5%
kimono
89.3%
wasabi
87.3%
jujitsu
86.3%
sensei
86.1%
bonsai
86%
futon
85.2%
rickshaw
84.8%
shiitake
84.4%
zen
83.9%
tofu
82.7%
koi
82.5%
karate
82.4%
karaoke
81.3%
% Correct
tempura
80.5%
sushi
78.6%
sashimi
75.9%
teriyaki
74.7%
edamame
72.2%
miso
71.9%
tycoon
71%
shiatsu
70.6%
bento
69.6%
akita
68.8%
ginkgo biloba
67.6%
hibachi
64.7%
kabuki
62.3%
honcho
61.7%
obi
52.6%
satsuma
48.4%
ikebana
40.2%
samurai
30.6%
mikado
30.2%
tanka
29.3%

From the Vault

What's It Stand For? IV

by sproutcm

Sporcle stands for many things, especially if we're sitting on the aisle.
Remove Ads.
Support Sporcle.
Get the best of Sporcle when you Go Orange. This ad-free experience offers more features, more stats, and more fun while also helping to support Sporcle. Thank you for becoming a member.

Show Comments

Extras

Top Quizzes Today


Score Distribution

Your Account Isn't Verified!

In order to create a playlist on Sporcle, you need to verify the email address you used during registration. Go to your Sporcle Settings to finish the process.

Report this User

Report this user for behavior that violates our Community Guidelines.

Details: